000 00442nam a2200181Ia 4500
008 150909s9999 xx 000 0 und d
041 _aEnglish
082 _a380.1
082 _bACH/AG
100 _aAcharya S.S
100 _eAuthor
245 _aAgricultural marketing in India
260 _aNew Delhi
260 _bOxford and IBH publishing
365 _aRs.105
650 _aAgriculture marketing
942 _cBB
999 _c197394
_d197394